00000000cas 22000008i 4500
0019.929870
003CaOODSP
00520251223101538
006m     o  d f      
007cr cn ||||||||
008231102c20239999oncar p o    f0###b0fre|d
022 |a2817-8610
040 |aCaOODSP|bfre|erda|cCaOODSP
043 |an-cn---
0861 |aHP37-21/1F-PDF
222 0|aSystème canadien de surveillance de la résistance aux antimicrobiens ... |b(Résume)
24500|aSystème canadien de surveillance de la résistance aux antimicrobiens (SCSRA) : |b… résumé et liens vers le plan d’action canadien sur la résistance aux antimicrobiens.
2463 |iLes livraisons de 2024- comportent le titre : |aSystème canadien de surveillance de la résistance aux antimicrobiens (SCSRA) ... principales conclusions
264 1|a[Ottawa] : |bAgence de santé publique du Canada = Public Health Agency of Canada, |c[2023]-
310 |aAnnuel
336 |atexte|btxt|2rdacontent/fre
337 |ainformatique|bc|2rdamedia/fre
338 |aressource en ligne|bcr|2rdacarrier/fre
3621 |aParaît depuis : 2023.
500 |aPublié aussi en anglais sous le titre : Canadian antimicrobial resistance surveillance system : executive summary.
588 |aDescription d'après : 2023.
588 |aDernière livraison consultée : 2023.
650 6|aMicro-organismes|xRésistance aux médicaments|zCanada|vPériodiques.
650 6|aSanté publique|xSurveillance|zCanada|vPériodiques.
655 7|aPériodiques|2rvmgf
7102 |aAgence de santé publique du Canada, |eorganisme de publication.
77508|tCanadian Antimicrobial Resistance Surveillance System (CARSS) : |w(CaOODSP)9.929869